Widok standardowy
Widok MARC
Pozycja Personal Name
Liczba rekordów, w których użyto hasła: 1
001 - Numer kontrolny
- control field: 36524
003 - Identyfikator numeru kontrolnego
- control field: NUKAT
005 - Data i czas ostatniej modyfikacji
- control field: 20260212100853.0
008 - Dane kontrolne kodowane (40 znaków)
- fixed length control field: 120204n||a|znnaabn |a aaa |c
010 ## - Numer kontrolny Biblioteki Kongresu
- numer kontrolny LC: n 2012141589
024 7# - OTHER STANDARD IDENTIFIER
- Standard number or code: 249669738
- Source of number or code: viaf
024 7# - OTHER STANDARD IDENTIFIER
- Standard number or code: 0000000370362755
- Source of number or code: isni
040 ## - Instytucja sporządzająca rekord
- inst. przygot. dane do rek. khw: WA U/79ZS
- język haseł przedmiotowych/tezaurus: kaba
- inst. wprow. rek. khw: WA U/ZS
100 1# - Hasło - nazwa osobowa
- nazwa osobowa w formie ujednoliconej: Szopny, Aneta.
670 ## - Źródło informacji
- źródło informacji: Kp. W kierunku Europy regionów / pod red. Janusza Erenca i Anety Szopny. - Wejherowo, 2011.